000 01176cam a2200289 i 4500
005 20251117123322.0
008 250721s2001 jo gr 000 0 ara d
082 1 4 _a210.41334
_bع ب د
100 1 _aعبد المنان، عكاشه
_eمؤلف.
245 1 2 _aالصارم البتار في التصدي للسحرة والجن والأشرار /
_cشيخ الاسلام ابن تيمية, و[8 آخرون].
250 _aالطبعة الاولى.
264 3 1 _aعمان :
_bمكتبة الامام علي،
_c2001.
300 _a135 صفحة.
650 1 7 _aالإسلام.
650 1 7 _aالقرآن الكريم.
650 1 7 _aالسحر.
700 1 _aالجوزية, ابن قيم
_eمؤلف.
700 1 _aابن مفلح
_eمؤلف.
700 1 _aبن باز, عبد العزيز
_eمؤلف.
700 1 _aالعثيمين, محمد بن صالح
_eمؤلف.
700 1 _aالالباني, ناصر الدين
_eمؤلف.
700 1 _aالشعراوي, محمد متولي
_eمؤلف.
700 1 _aبالي, وحيد عبد السلام
_eمؤلف.
700 1 _aعبد المنان,عكاشة
_eمعد
942 _2ddc
_cBK
999 _c1070
_d1070